Riconosci il Pokémon - Quiz n°736 - Statistics

Statistiche generali
  • Questo quiz è stato fatto 0 volte
  • Il punteggio medio è 0 su 10
Statistiche sulle risposte
Indizio Riposta % Corretto
Altezza 0,6 m
0%
Peso 11,8 kg
0%
Tasso di cattura 180 (33.8%)
0%
Sesso 50% ♂, 50% ♀
0%
Tipo Buio / Lotta
0%
Stadio evoluzione Forma Base
0%
Tasso di allevamento Medio-Veloce
0%
Abilità Muta; Arroganza; Prepotenza
0%
Generazione Quinta
0%
Pokémon Scraggy
0%
Nessun quiz corrispondente trovato
Distribuzione punteggi
Percentuale di utenti per punteggio
Percentile per numero di risposta
I tuoi punteggi nel tempo
Non hai fatto questo quiz